000 00551cam a22001935a 4500
001 L141784
008 071220s1900 xxk eng u
035 _a(Sirsi) u141784
041 0 _aeng
110 2 _aInstitute of Estate and House Agents
_95481
245 0 1 _a[Letter regarding Annual Dinner to take place on 21 November 1900]
260 _aLondon
_bThe Institute
_c1900
300 _a[4] p.
_c24 cm.
340 _aPrinted
351 _cSingle item
651 4 _aUnited Kingdom
_y
690 _aABOUT RICS-RELATED ORGANISATIONS
942 _n0
999 _c116774
_d116774